000 00564nam a22002297a 4500
001 33074
003 UA-OsUOA
005 20210920221456.0
007 ta
008 20050304b un ||||| |||| 00| 0 ukr d
040 _aUA-OsUOA
_brus
_cUA-OsUOA
_dUA-OsUOA
041 _arus
044 _aRU
080 _a94(47+57)
090 _a94(47+57)
_bИ90
245 _aИстория СССР
_cред. Н. Е. Артемова
_nч. 1
260 _aМосква
_bВысшая школа
_c1982
300 _a511 с.
650 7 _2UDC
942 _cBK
_2udc
955 _a0
999 _c319531
_d319531